TF2 Characters - Statistics

General Stats
  • This quiz has been taken 249 times
  • The average score is 9 of 9
Answer Stats
Picture Answer % Correct
Heavy
99%
Medic
99%
Pyro
99%
Scout
99%
Sniper
99%
Spy
99%
Engineer
97%
Demoman
95%
Soldier
95%
No matching quizzes found
Score Distribution
Percent of People with Each Score
Percentile by Number Answered
Your Score History
You have not taken this quiz